000 00316nam a2200121Ia 4500
008 191201s2014 xx 000 0 und d
100 _aVARSHNEY, R.S.
245 0 _aTheory and Design of Irrigation Structures Vol. 2
260 _aN. Delhi
_bNem Chand
_c2014
300 _a784
650 _aB.Tech(CE)
942 _2ddc
_cBK
999 _c6506
_d6506